| 000 | 03234nam0a2200469 4500 | ||
|---|---|---|---|
| 001 | RU\NLR\bibl\1885587 | ||
| 005 | 20260408204453.0 | ||
| 010 |
_a978-5-9902549-2-3 _9100 |
||
| 035 | _a(NLR Aleph) 001875327 | ||
| 090 |
_a2717120 _c2717120 |
||
| 100 | _a20120329d2011 |||y0rusy50 ca | ||
| 101 | 0 | _arus | |
| 102 | _aRU | ||
| 105 | _aa ||||||||| | ||
| 200 | 1 |
_a"Память, только память сохраните..." _e(мемориальная пропаганда воинских подвигов земляков-курян в середине ХХ - начале ХХI веков) _f[А.Ю. Золотухин магистрант, В.В. Коровин д.ист.н., проф.,А.Н. Манджосов к.ист.н., чл.-корр. Акад. воен.-ист. наук] _gЮго-Запад. отд-ние Акад. воен.-ист. наук |
|
| 210 |
_aКурск _cЮго-Западное отделение Академии военно-исторических наук _d2011 |
||
| 215 |
_a77 с. _cил. портр. _d21 |
||
| 300 | _aАвт. указаны на обороте тит. л. | ||
| 320 | _aБиблиогр. в подстроч. примеч. | ||
| 606 | 0 |
_aВеликая Отечественная война _xГерои и героизм _yКурская область _z1941 - 1945 _91549305 _3RU\NLR\auth\66977328 |
|
| 606 | 1 |
_aВеликая Отечественная война _xУвековечение памяти _yКурская область _z1941 - 1945 _92628457 _3RU\NLR\auth\661565017 |
|
| 606 | 1 |
_aРегиональные конфликты _xГерои и героизм _xУвековечение памяти _yКавказ Северный _yКурская область _zкон. 20 - нач. 21 вв. _92098053 _3RU\NLR\auth\661572716 |
|
| 606 |
_aВойна в Афганистане _z1979 - 1989 _xГерои и героизм _yКурская область _xУвековечение памяти _3RU\NLR\auth\661572714 _92098049 |
||
| 686 | _aЦ35(2)722-424д(2Р-4Курс) | ||
| 686 | _aЦ35(2)722л(2Р-4Курс)6 | ||
| 686 | _aЦ35(0)635.4 | ||
| 686 | _aЦ4,6(2)243д(2Р-4Курс)л6 | ||
| 686 | _aЦ35(2)74-81(2Р-4Курс)л6 | ||
| 686 | _aТ3(2)722 | ||
| 686 | _aТ3(5Аф)63-64(2) | ||
| 686 | _aТ3(2)73-64(5Аф) | ||
| 700 | 1 |
_4070 _aЗолотухин _bА. Ю. _cканд. ист. наук, отечественная история _gАлексей Юрьевич _9147619 _3RU\NLR\AUTH\770147655 |
|
| 701 | 1 |
_4070 _aКоровин _bВ. В. _cд-р ист. наук, отечеств. история _f1969- _gВладимир Викторович _9147611 _3RU\NLR\AUTH\770147647 |
|
| 701 | 1 |
_4070 _8rus _7ca _aМанжосов _bА. Н. _cканд. ист. наук, канд. мед. наук _f1951- _gАлександр Николаевич _3RU\NLR\AUTH\7799064 _981990 |
|
| 712 | 0 | 2 |
_4570 _aАкадемия военно-исторических наук _cСанкт-Петербург _bЮго-западное отделение _cКурск _3RU\NLR\AUTH\8810174698 _9845446 |
| 801 | 0 |
_aRU _bNLR _c20120329 _gRCR |
|
| 801 | 1 |
_aRU _bNLR _c20120329 |
|
| 830 | _aавт. по кн. | ||
| 942 | _cBOOK | ||
| 980 | _aNB | ||